[Event "VI Open A"]
[Site "Genova ITA"]
[Date "2002.08.03"]
[Round "1"]
[White "Rodella, Franco"]
[Black "Plachkinova Georgieva, Tatjana"]
[Result "1/2-1/2"]
[WhiteElo "1908"]
[BlackElo "2149"]
[PlyCount "47"]
[EventDate "2002.08.03"]

1. Nf3 Nf6 2. c4 c6 3. Nc3 d5 4. cxd5 cxd5 5. d4 Nc6 6. g3 e6 7. Bg2 Be7 8. O-O
O-O 9. Bg5 Qb6 10. Rb1 h6 11. Bxf6 Bxf6 12. e3 Na5 13. Qe2 Bd7 14. Rfc1 Rac8
15. b3 Rc7 16. Na4 Rxc1+ 17. Rxc1 Bxa4 18. bxa4 Nc4 19. Bf1 Qa5 20. Qd1 Rc8 21.
Qb3 Rb8 22. Bxc4 dxc4 23. Qxc4 Rd8 24. Qb5 1/2-1/2

[Event "VI Open A"]
[Site "Genova ITA"]
[Date "2002.08.04"]
[Round "2"]
[White "Bemporad, Filippo"]
[Black "Jowett, Peter E."]
[Result "0-1"]
[WhiteElo "2111"]
[BlackElo "2204"]
[PlyCount "118"]
[EventDate "2002.08.03"]

1. d4 d5 2. Nf3 Nf6 3. g3 g6 4. Bg2 Bg7 5. O-O O-O 6. c4 dxc4 7. Na3 c3 8. bxc3
c5 9. Ne5 Nfd7 10. Nac4 Nxe5 11. Nxe5 Nd7 12. Nxd7 Qxd7 13. e3 Rb8 14. Rb1 cxd4
15. exd4 b6 16. Bf4 Ba6 17. Re1 Rbc8 18. Qb3 Bc4 19. Qb4 e6 20. a4 Bd5 21. Bxd5
Qxd5 22. Rb3 Rfd8 23. Qb5 Qc4 24. Ra1 Rd5 25. Qxc4 Rxc4 26. a5 b5 27. a6 b4 28.
Bb8 Rd7 29. Ra4 Bf8 30. Kf1 Rc8 31. Bf4 Bd6 32. Bxd6 Rxd6 33. Rbxb4 Rcc6 34.
Rb3 Rxa6 35. Rba3 Rxa4 36. Rxa4 Rc6 37. c4 Kf8 38. Ke2 a6 39. Kd3 Ke7 40. Ke4
Rb6 41. Ra2 Kd7 42. f4 Kc8 43. Ke5 Kb7 44. Kf6 Rd6 45. Kxf7 Rxd4 46. Rc2 Kc6
47. c5 a5 48. Kxe6 a4 49. f5 gxf5 50. Kxf5 Rd5+ 51. Kf4 Rxc5 52. Ra2 Kb5 53. g4
Kb4 54. h4 Kb3 55. Ra1 a3 56. g5 Rc4+ 57. Kg3 Kb2 58. Rf1 a2 59. h5 a1=Q 0-1

[Event "VI Open A"]
[Site "Genova ITA"]
[Date "2002.08.04"]
[Round "2"]
[White "Di Paolo, Raffaele"]
[Black "Gentile, Claudio"]
[Result "1-0"]
[WhiteElo "2319"]
[BlackElo "2114"]
[PlyCount "47"]
[EventDate "2002.08.03"]

1. e4 e5 2. Nf3 Nf6 3. Nxe5 d6 4. Nf3 Nxe4 5. d4 d5 6. Bd3 Bd6 7. O-O O-O 8. c4
c6 9. Nc3 Nxc3 10. bxc3 dxc4 11. Bxc4 Bg4 12. a4 Qa5 13. h3 Qxc3 14. hxg4 Qxc4
15. Nh4 Re8 16. Nf5 Bc7 17. Qf3 Bh2+ 18. Kxh2 Qxf1 19. Nh6+ gxh6 20. Bxh6 Qe2
21. Re1 Re6 22. Rxe2 Rxh6+ 23. Kg1 Kg7 24. g5 1-0

[Event "VI Open A"]
[Site "Genova ITA"]
[Date "2002.08.04"]
[Round "2"]
[White "Durdevic, Radoslav"]
[Black "Guido, Flavio"]
[Result "1/2-1/2"]
[WhiteElo "2124"]
[BlackElo "2327"]
[PlyCount "82"]
[EventDate "2002.08.03"]

1. e4 c5 2. Nf3 e6 3. d4 cxd4 4. Nxd4 Nf6 5. Nc3 d6 6. Be2 a6 7. a4 Qc7 8. O-O
b6 9. f4 Bb7 10. Bf3 Nbd7 11. Kh1 Rc8 12. Qe1 Ba8 13. Be3 Be7 14. Rd1 O-O 15.
Bg1 Rfe8 16. Qe2 e5 17. fxe5 dxe5 18. Nf5 Bb7 19. Nxe7+ Rxe7 20. Bf2 Re6 21.
Rd2 Rd6 22. Rfd1 Rxd2 23. Qxd2 h6 24. Qd6 Qxd6 25. Rxd6 Rc6 26. Rxc6 Bxc6 27.
b4 b5 28. axb5 axb5 29. Ba7 g5 30. h3 Kf8 31. Kg1 Ke7 32. Kf2 Ne8 33. Ke2 Nd6
34. g3 Nf6 35. Bc5 Ke6 36. Bxd6 Kxd6 37. g4 Ne8 38. Nd1 Ke6 39. Ne3 Nd6 40. Kd3
Kf6 41. c3 Ke7 1/2-1/2

[Event "VI Open A"]
[Site "Genova ITA"]
[Date "2002.08.04"]
[Round "2"]
[White "Goris, Antonius"]
[Black "Beltre, Pedro"]
[Result "1-0"]
[WhiteElo "2076"]
[BlackElo "2037"]
[PlyCount "50"]
[EventDate "2002.08.03"]

1. e4 c5 2. c3 e6 3. d4 Nf6 4. e5 Nd5 5. c4 Nb4 6. d5 d6 7. a3 N4a6 8. Nf3 Be7
9. Be2 O-O 10. O-O dxe5 11. Nxe5 exd5 12. cxd5 Nc7 13. Bf3 Bd6 14. Nc4 Bxh2+
15. Kxh2 Qh4+ 16. Kg1 Qxc4 17. Nc3 Nb5 18. Nxb5 Qxb5 19. Qc2 Bd7 20. a4 Qb6 21.
Be3 Na6 22. b4 Nxb4 23. Qxc5 Rfc8 24. Qxc8+ Rxc8 25. Bxb6 axb6 1-0

[Event "VI Open A"]
[Site "Genova ITA"]
[Date "2002.08.04"]
[Round "2"]
[White "Isonzo, David"]
[Black "Mollero, Michele"]
[Result "1-0"]
[WhiteElo "2337"]
[BlackElo "2153"]
[PlyCount "25"]
[EventDate "2002.08.03"]

1. e4 e6 2. d4 d5 3. Nc3 Bb4 4. e5 c5 5. a3 Bxc3+ 6. bxc3 Qc7 7. Nf3 Nc6 8. Bd3
cxd4 9. cxd4 Nxd4 10. Nxd4 Qc3+ 11. Qd2 Qxa1 12. c3 Bd7 13. Nb3 1-0

[Event "VI Open A"]
[Site "Genova ITA"]
[Date "2002.08.04"]
[Round "2"]
[White "Mola, Pietro"]
[Black "Rovatti, Paolo"]
[Result "1-0"]
[WhiteElo "2277"]
[BlackElo "2004"]
[PlyCount "89"]
[EventDate "2002.08.03"]

1. e4 c5 2. Nf3 e6 3. c3 b6 4. d4 Bb7 5. Bd3 Nf6 6. Nbd2 Nc6 7. a3 Be7 8. O-O
Na5 9. Re1 c4 10. Bc2 O-O 11. e5 Bxf3 12. Qxf3 Ne8 13. Rb1 d5 14. Qh3 g6 15.
Nf3 Ng7 16. Bh6 Nc6 17. Qg4 b5 18. Re3 Nf5 19. Bxf5 exf5 20. Qf4 Re8 21. Rbe1
Qc7 22. Qg3 Nd8 23. Nh4 Bxh4 24. Qxh4 Ne6 25. f4 Qe7 26. Qh3 a5 27. g4 fxg4 28.
Qxg4 Kh8 29. Kh1 b4 30. axb4 axb4 31. f5 gxf5 32. Qxf5 bxc3 33. bxc3 Rg8 34.
Rh3 Rg6 35. Rf1 Rag8 36. Be3 Qa3 37. Qxf7 Nf8 38. Qxd5 Qxc3 39. Qf3 Qd3 40. d5
c3 41. e6 Nxe6 42. dxe6 Rxe6 43. Bc5 Qd2 44. Bb4 Re1 45. Bxc3+ 1-0

[Event "VI Open A"]
[Site "Genova ITA"]
[Date "2002.08.04"]
[Round "2"]
[White "Plachkinova Georgieva, Tatjana"]
[Black "Danieli, Enrico"]
[Result "1-0"]
[WhiteElo "2149"]
[BlackElo "2119"]
[PlyCount "103"]
[EventDate "2002.08.03"]

1. d4 Nf6 2. c4 g6 3. Nc3 Bg7 4. e4 d6 5. Nf3 O-O 6. Be2 Bg4 7. O-O Nfd7 8. Be3
Nc6 9. Ne1 Bxe2 10. Nxe2 e5 11. d5 Ne7 12. Nd3 f5 13. f3 Kh8 14. c5 Nf6 15. Nc3
Neg8 16. Nf2 Bh6 17. Bxh6 Nxh6 18. Qd2 Nf7 19. cxd6 cxd6 20. Rac1 a6 21. Qd3 f4
22. Rc2 h5 23. b4 g5 24. h3 Rg8 25. Rfc1 g4 26. hxg4 hxg4 27. fxg4 Nxg4 28.
Qh3+ Ngh6 29. Ne2 Qf6 30. Kf1 Qg6 31. Rc7 Ng5 32. Qh1 Raf8 33. Ng4 f3 34. Qxh6+
Qxh6 35. Nxh6 fxe2+ 36. Kxe2 Rg7 37. Rxg7 Kxg7 38. Nf5+ Kg6 39. Ke3 Nf7 40. Rc7
Rb8 41. Rd7 b6 42. Nxd6 Nh6 43. Nf5 Nxf5+ 44. exf5+ Kxf5 45. Rf7+ Kg6 46. Re7
Kf6 47. Re6+ Kf5 48. g4+ Kxg4 49. Ke4 a5 50. b5 a4 51. Kxe5 a3 52. d6 1-0

[Event "VI Open A"]
[Site "Genova ITA"]
[Date "2002.08.04"]
[Round "2"]
[White "Sbarra, Marco"]
[Black "Mateo, Ramon"]
[Result "0-1"]
[WhiteElo "2237"]
[BlackElo "2416"]
[PlyCount "64"]
[EventDate "2002.08.03"]

1. e4 c5 2. Nf3 e6 3. b3 b6 4. Bd3 Bb7 5. O-O Nf6 6. Re1 Be7 7. e5 Nd5 8. Be4
f5 9. Bxd5 Bxd5 10. d4 cxd4 11. Nxd4 O-O 12. c4 Bb7 13. Ba3 Nc6 14. Nxc6 Bxc6
15. Bxe7 Qxe7 16. Qd2 Kh8 17. Nc3 g5 18. a4 Rg8 19. a5 bxa5 20. Rxa5 Qb4 21.
Ne4 Qxb3 22. Nf6 Rg7 23. Qd6 Rf7 24. h3 Kg7 25. Rea1 Qc3 26. Qc5 f4 27. R5a3
Qc2 28. R3a2 Qf5 29. f3 Kg6 30. Rxa7 Rxa7 31. Rxa7 Rxf6 32. exf6 Qxc5+ 0-1

[Event "VI Open A"]
[Site "Genova ITA"]
[Date "2002.08.04"]
[Round "2"]
[White "Scavazza, Giampaolo"]
[Black "Ferretti, Folco"]
[Result "0-1"]
[WhiteElo "1902"]
[BlackElo "2279"]
[PlyCount "58"]
[EventDate "2002.08.03"]

1. e4 e5 2. Nf3 Nc6 3. Bc4 Nf6 4. d3 Be7 5. O-O O-O 6. Re1 d6 7. a4 Be6 8. Nbd2
Qd7 9. c3 Rfe8 10. a5 a6 11. Qa4 Bf8 12. b4 d5 13. b5 Nxa5 14. Nxe5 Qd6 15. Ba3
Qxe5 16. exd5 Qxc3 17. dxe6 fxe6 18. Bxf8 Nxc4 19. Qxc4 Qxc4 20. dxc4 Kxf8 21.
bxa6 Rxa6 22. Nb3 Nd7 23. Red1 Rxa1 24. Rxa1 Ke7 25. Kf1 Ne5 26. Ra5 Nc6 27.
Ra1 Rd8 28. Rb1 b6 29. Ke1 Ne5 0-1

[Event "VI Open A"]
[Site "Genova ITA"]
[Date "2002.08.04"]
[Round "2"]
[White "Taeger, Torsten"]
[Black "Kogan, Artur"]
[Result "0-1"]
[WhiteElo "2117"]
[BlackElo "2530"]
[PlyCount "60"]
[EventDate "2002.08.03"]

1. e4 c5 2. Nc3 e6 3. f4 d5 4. d3 Nc6 5. Nf3 Nge7 6. g3 b5 7. Bg2 b4 8. Ne2 Ba6
9. exd5 exd5 10. Ne5 Rc8 11. O-O g6 12. Nxc6 Rxc6 13. c4 bxc3 14. bxc3 Bg7 15.
Rb1 O-O 16. Kh1 Qd7 17. Ba3 Nf5 18. Qd2 Re8 19. Ng1 Ne3 20. Rfe1 Nxg2 21. Kxg2
Rcc8 22. Nf3 Rxe1 23. Rxe1 Qa4 24. Bc1 d4 25. c4 Bb7 26. Kf2 Bf8 27. f5 Qc6 28.
Qf4 Bd6 29. Qg4 h5 30. Qe4 Qd7 0-1

[Event "VI Open A"]
[Site "Genova ITA"]
[Date "2002.08.05"]
[Round "3"]
[White "Beltre, Pedro"]
[Black "Astengo, Marcello"]
[Result "0-1"]
[WhiteElo "2037"]
[BlackElo "2124"]
[PlyCount "58"]
[EventDate "2002.08.03"]

1. e4 e6 2. d4 d5 3. Nd2 Nf6 4. e5 Nfd7 5. Bd3 c5 6. c3 Nc6 7. Ne2 cxd4 8. cxd4
f6 9. exf6 Nxf6 10. O-O Bd6 11. Nf3 O-O 12. a3 e5 13. dxe5 Nxe5 14. Nxe5 Bxe5
15. h3 Be6 16. Bc2 Rc8 17. Qd3 Ne4 18. Be3 Bf5 19. Bb3 Bxb2 20. Qxd5+ Kh8 21.
Ra2 Qf6 22. Qa5 a6 23. Rd1 Bxh3 24. Nf4 Bg4 25. Nd5 Qe5 26. f4 Qh5 27. Rd3 Ng3
28. Rxb2 Qh1+ 29. Kf2 Ne4# 0-1

[Event "VI Open A"]
[Site "Genova ITA"]
[Date "2002.08.05"]
[Round "3"]
[White "Carzolio, Luigi"]
[Black "Abd El Gawad, Shaban"]
[Result "0-1"]
[WhiteElo "1853"]
[BlackElo "2188"]
[PlyCount "64"]
[EventDate "2002.08.03"]

1. b4 e6 2. Bb2 Nf6 3. a3 c5 4. bxc5 Bxc5 5. e3 d5 6. Nf3 Nc6 7. d4 Bd6 8. Bd3
Qb6 9. Nc3 a6 10. O-O O-O 11. Rb1 Qc7 12. e4 dxe4 13. Nxe4 Nxe4 14. Bxe4 f5 15.
Bd3 b5 16. Re1 Ne7 17. Ne5 Nd5 18. c4 bxc4 19. Nxc4 Bxh2+ 20. Kf1 Bb7 21. Rc1
Nf4 22. Ne3 Qf7 23. Bc4 Qg6 24. d5 exd5 25. Bxd5+ Bxd5 26. g3 Rad8 27. Nxd5
Nxd5 28. Qb3 Kh8 29. Kg2 f4 30. Rh1 fxg3 31. fxg3 Qxg3+ 32. Qxg3 Nf4+ 0-1

[Event "VI Open A"]
[Site "Genova ITA"]
[Date "2002.08.05"]
[Round "3"]
[White "De Santis, Alessio"]
[Black "Durdevic, Radoslav"]
[Result "1-0"]
[WhiteElo "2243"]
[BlackElo "2124"]
[PlyCount "53"]
[EventDate "2002.08.03"]

1. d4 d5 2. c4 e6 3. Nc3 Nf6 4. cxd5 exd5 5. Bg5 Be7 6. e3 c6 7. Qc2 Be6 8. Bd3
Nbd7 9. Nge2 h6 10. Bh4 Nh5 11. Bg3 Nxg3 12. hxg3 Nf6 13. f3 Qd7 14. a3 Bd6 15.
g4 O-O-O 16. b4 Kb8 17. Rb1 Rhe8 18. b5 c5 19. b6 a6 20. Bb5 axb5 21. Nxb5 Qc6
22. Na7 Qd7 23. dxc5 Bxc5 24. Qxc5 Qe7 25. Qa5 Bd7 26. Nc8 Qe5 27. f4 1-0

[Event "VI Open A"]
[Site "Genova ITA"]
[Date "2002.08.05"]
[Round "3"]
[White "Ferretti, Folco"]
[Black "Dervishi, Erald"]
[Result "1-0"]
[WhiteElo "2279"]
[BlackElo "2523"]
[PlyCount "145"]
[EventDate "2002.08.03"]

1. e4 e5 2. Nf3 Nc6 3. Bc4 Nf6 4. d3 Be7 5. O-O O-O 6. Re1 d6 7. a4 h6 8. c3
Nh7 9. a5 a6 10. Nbd2 Ng5 11. Nxg5 Bxg5 12. Nf1 Bxc1 13. Qxc1 Ne7 14. Ne3 Kh8
15. b4 c6 16. Bb3 f5 17. exf5 Nxf5 18. Nxf5 Bxf5 19. Qe3 Qf6 20. Rad1 Rae8 21.
d4 Bg4 22. f3 Bh5 23. dxe5 Rxe5 24. Qd3 Rg5 25. Rd2 d5 26. Kh1 Qd6 27. Bc2 Bg6
28. Qe3 Bxc2 29. Rxc2 Rgf5 30. Qe7 Qb8 31. Rce2 R5f7 32. Qxf7 Rxf7 33. Re8+
Qxe8 34. Rxe8+ Kh7 35. Kg1 Rd7 36. Rb8 Kg6 37. Kf2 Re7 38. g4 Kf6 39. f4 Re4
40. Rxb7 Rxf4+ 41. Ke3 Rc4 42. Kd3 c5 43. Rb6+ Ke5 44. bxc5 Rxc5 45. Rxa6 Kf4
46. Rg6 Rxa5 47. Rxg7 Ra2 48. h4 Rg2 49. Rg6 Rxg4 50. h5 Rh4 51. Rxh6 Ke5 52.
Rh8 Rh3+ 53. Kc2 Kf6 54. h6 Kf7 55. h7 Kg7 56. Rd8 Kxh7 57. Rxd5 Kg6 58. Re5
Kf6 59. Re8 Kf7 60. Re4 Rh8 61. Kd3 Rd8+ 62. Kc4 Rc8+ 63. Kb4 Rb8+ 64. Ka5 Kf6
65. c4 Kf5 66. Re1 Rc8 67. Kb5 Rb8+ 68. Ka6 Rc8 69. Rc1 Ke6 70. Kb7 Rc5 71. Kb6
Rc8 72. c5 Rb8+ 73. Kc7 1-0

[Event "VI Open A"]
[Site "Genova ITA"]
[Date "2002.08.05"]
[Round "3"]
[White "Kogan, Artur"]
[Black "Plachkinova Georgieva, Tatjana"]
[Result "1-0"]
[WhiteElo "2530"]
[BlackElo "2149"]
[PlyCount "41"]
[EventDate "2002.08.03"]

1. d4 b6 2. e4 Bb7 3. Bd3 c5 4. d5 e6 5. c4 g6 6. Nc3 Bg7 7. Nge2 Ne7 8. Be3
O-O 9. Qd2 f5 10. f3 a6 11. a4 Bc8 12. h4 d6 13. h5 e5 14. hxg6 hxg6 15. exf5
Nxf5 16. Bg5 Qe8 17. Ne4 Ra7 18. Kd1 Nd7 19. g4 Nd4 20. Nxd6 Nxf3 21. Qe3 1-0

[Event "VI Open A"]
[Site "Genova ITA"]
[Date "2002.08.05"]
[Round "3"]
[White "Lettich, Sergio"]
[Black "Popchev, Milko"]
[Result "0-1"]
[WhiteElo "2068"]
[BlackElo "2419"]
[PlyCount "104"]
[EventDate "2002.08.03"]

1. d4 d6 2. c4 e5 3. dxe5 dxe5 4. Qxd8+ Kxd8 5. Nc3 Be6 6. e4 c6 7. Nf3 f6 8.
Be3 Kc7 9. a3 Nd7 10. Be2 g6 11. O-O Bh6 12. Bxh6 Nxh6 13. Rfd1 a5 14. b4 Nf7
15. Nd2 b6 16. b5 Nc5 17. bxc6 Kxc6 18. Nd5 Bxd5 19. cxd5+ Kc7 20. f3 Nd6 21.
Nc4 Rab8 22. Rac1 Nxc4 23. Rxc4 Kd6 24. Rdc1 Rhc8 25. a4 Rc7 26. R4c2 f5 27.
Bb5 fxe4 28. fxe4 Rf7 29. Re1 Rf4 30. Rce2 Rbf8 31. g3 Rf3 32. Re3 g5 33. Bc6
Rf2 34. R3e2 Rxe2 35. Rxe2 Rf3 36. Kg2 Rb3 37. Rf2 Nxe4 38. Rf7 Rb2+ 39. Kg1 h5
40. Rh7 Nd2 41. Rxh5 Nf3+ 42. Kf1 Nxh2+ 43. Kg1 Nf3+ 44. Kf1 Rh2 45. Rxh2 Nxh2+
46. Ke2 Ng4 47. Kd3 Nf6 48. Kc4 Ne4 49. Kb5 Kc7 50. Kc4 Nxg3 51. Kd3 Kd6 52.
Ke3 g4 0-1

[Event "VI Open A"]
[Site "Genova ITA"]
[Date "2002.08.05"]
[Round "3"]
[White "Mateo, Ramon"]
[Black "Di Paolo, Raffaele"]
[Result "1-0"]
[WhiteElo "2416"]
[BlackElo "2319"]
[PlyCount "41"]
[EventDate "2002.08.03"]

1. e4 e6 2. d4 d5 3. Nd2 Nf6 4. e5 Nfd7 5. f4 c5 6. c3 cxd4 7. cxd4 Nc6 8. Ne2
Qb6 9. Nf3 Bb4+ 10. Nc3 f6 11. a3 Be7 12. Bd3 fxe5 13. fxe5 O-O 14. Na4 Qc7 15.
O-O Nb6 16. Nc3 Bd7 17. Ne2 Rac8 18. Qe1 Nd8 19. Qg3 Nf7 20. Nf4 Kh8 21. Ng6+
1-0

[Event "VI Open A"]
[Site "Genova ITA"]
[Date "2002.08.05"]
[Round "3"]
[White "Mollero, Michele"]
[Black "Capurro, Giuliano"]
[Result "1-0"]
[WhiteElo "2153"]
[BlackElo "2067"]
[PlyCount "119"]
[EventDate "2002.08.03"]

1. e4 d6 2. d4 g6 3. Nf3 Bg7 4. Bc4 Nf6 5. Qe2 O-O 6. O-O Nc6 7. h3 e5 8. dxe5
dxe5 9. c3 Qe7 10. b3 Ne8 11. Ba3 Nd6 12. Nbd2 Rd8 13. Bd5 Qf6 14. Bxc6 bxc6
15. c4 a5 16. Bb2 Qe7 17. Rfd1 Ba6 18. Ne1 Qh4 19. Nd3 Qe7 20. Nf3 f6 21. Nc5
Bc8 22. Rd2 Be6 23. Rad1 Bf8 24. Na4 Nb7 25. Bc3 Rxd2 26. Rxd2 Nc5 27. Nxc5
Qxc5 28. Qd1 Be7 29. a4 Kf7 30. Rd3 Rb8 31. Nd2 Qb6 32. Qf3 Kg7 33. Qg3 Bb4 34.
Bxb4 Qxb4 35. Qe3 Kf7 36. Nf3 g5 37. Qd2 Qb6 38. Nh2 Qc5 39. Nf1 Rb4 40. Ne3
Kg6 41. g4 Rb8 42. Nf5 Qa3 43. Qd1 Rh8 44. Rd8 Rf8 45. Qd2 Rxd8 46. Qxd8 Bxf5
47. exf5+ Kf7 48. Qxc7+ Kg8 49. Qxc6 Qxb3 50. Qxf6 Qb1+ 51. Kh2 Qb2 52. Qxg5+
Kf7 53. Qe3 e4 54. Kg2 Qb7 55. g5 Qc6 56. Qa7+ Ke8 57. f6 e3+ 58. f3 Kd8 59.
Qe7+ Kc8 60. f7 1-0

[Event "VI Open A"]
[Site "Genova ITA"]
[Date "2002.08.05"]
[Round "3"]
[White "Rodella, Franco"]
[Black "Sbarra, Marco"]
[Result "0-1"]
[WhiteElo "1908"]
[BlackElo "2237"]
[PlyCount "68"]
[EventDate "2002.08.03"]

1. d4 d5 2. Nf3 e6 3. g3 c5 4. c3 Nf6 5. Bg2 Be7 6. O-O O-O 7. Bg5 Nbd7 8. Nbd2
h6 9. Bxf6 Nxf6 10. Ne5 Qc7 11. e3 b6 12. Qa4 Bd6 13. f4 a5 14. Rac1 b5 15. Qd1
Ba6 16. Rf2 Rac8 17. Bf1 Qa7 18. Ndf3 Rc7 19. g4 Ne4 20. Rg2 Rfc8 21. g5 hxg5
22. Bd3 gxf4 23. Bxe4 dxe4 24. Ng5 f3 25. Rg4 cxd4 26. Nexf3 exf3 27. Qxf3 dxe3
28. Kf1 b4+ 29. Ke1 bxc3 30. Qh3 cxb2 31. Qh7+ Kf8 32. Nxe6+ Ke7 33. Rxc7+ Rxc7
34. Nxc7 Qxc7 0-1

[Event "VI Open A"]
[Site "Genova ITA"]
[Date "2002.08.05"]
[Round "3"]
[White "Rovatti, Paolo"]
[Black "Todorov, Ognjan"]
[Result "0-1"]
[WhiteElo "2004"]
[BlackElo "2376"]
[PlyCount "70"]
[EventDate "2002.08.03"]

1. d4 Nf6 2. Nf3 d5 3. e3 g6 4. g3 Bg7 5. Bg2 O-O 6. O-O c5 7. Nbd2 Nbd7 8. c3
b6 9. e4 dxe4 10. Ng5 Bb7 11. Ndxe4 Nxe4 12. Nxe4 cxd4 13. cxd4 Bd5 14. Be3 Rc8
15. b3 Qc7 16. Nd2 Nf6 17. Rc1 Qb7 18. Bh3 e6 19. Rxc8 Rxc8 20. Qb1 Ne4 21. Nc4
b5 22. Ne5 Nc3 23. Qb2 Qa6 24. Rc1 b4 25. Bf1 Qb7 26. Nd3 a5 27. Nc5 Qa7 28.
Qd2 Re8 29. Bg5 Ra8 30. Be3 Rd8 31. Qc2 Ba8 32. d5 Nxd5 33. Qd3 Qc7 34. Bd2 Nc3
35. Qe3 Bd4 0-1

[Event "VI Open A"]
[Site "Genova ITA"]
[Date "2002.08.05"]
[Round "4"]
[White "Dervishi, Erald"]
[Black "Mollero, Michele"]
[Result "1-0"]
[WhiteElo "2523"]
[BlackElo "2153"]
[PlyCount "67"]
[EventDate "2002.08.03"]

1. e4 e6 2. d4 d5 3. Nd2 Nf6 4. e5 Nfd7 5. Bd3 c5 6. c3 Nc6 7. Ne2 cxd4 8. cxd4
f6 9. exf6 Nxf6 10. Nf3 Bd6 11. O-O Qc7 12. Bg5 O-O 13. Rc1 Ne4 14. Be3 Bd7 15.
Nc3 Nxc3 16. Rxc3 Bf4 17. b4 Qd6 18. Bxf4 Rxf4 19. b5 Ne7 20. g3 Rf6 21. Ne5 g6
22. Qc1 Rc8 23. Rxc8+ Nxc8 24. Qg5 Kg7 25. Rc1 Ne7 26. Nxd7 Qxd7 27. Qe5 Kf7
28. Rc7 Qd8 29. Kg2 h6 30. Rxb7 Qa5 31. Qd6 Rxf2+ 32. Kxf2 Qd2+ 33. Be2 Qxd4+
34. Kf1 1-0

[Event "VI Open A"]
[Site "Genova ITA"]
[Date "2002.08.05"]
[Round "4"]
[White "Ferretti, Folco"]
[Black "Kogan, Artur"]
[Result "1/2-1/2"]
[WhiteElo "2279"]
[BlackElo "2530"]
[PlyCount "92"]
[EventDate "2002.08.03"]

1. c4 e5 2. Nc3 d6 3. d4 exd4 4. Qxd4 Nc6 5. Qd2 Nf6 6. g3 Be6 7. Nd5 Ne5 8. b3
Ne4 9. Qd4 f5 10. Bg2 c6 11. Nf4 Qa5+ 12. Bd2 Nxd2 13. Qxd2 Qxd2+ 14. Kxd2 Bf7
15. Nf3 Ng4 16. Nd3 g6 17. Kc2 a5 18. Rhe1 Bg7 19. Rad1 a4 20. Ng5 axb3+ 21.
Kxb3 Ra5 22. e4 Rb5+ 23. Kc2 Bxc4 24. exf5+ Kd7 25. Ne6 Bf6 26. Ndc5+ Kc8 27.
Rxd6 Bxe6 28. Nxe6 Rb2+ 29. Kc1 Rxf2 30. Rd2 Rxf5 31. Bh3 h5 32. Re4 Re8 33.
Rde2 Kd7 34. Rd2+ Kc8 35. Rde2 Rd5 36. Bxg4 hxg4 37. Rxg4 g5 38. Rge4 Kd7 39.
Kc2 Kd6 40. Nxg5 Ra8 41. Nf7+ Kc7 42. a4 Raa5 43. Rd2 Rxd2+ 44. Kxd2 Rd5+ 45.
Kc2 Rd7 46. Nh6 Kb6 1/2-1/2

[Event "VI Open A"]
[Site "Genova ITA"]
[Date "2002.08.05"]
[Round "4"]
[White "Isonzo, David"]
[Black "Mateo, Ramon"]
[Result "1/2-1/2"]
[WhiteElo "2337"]
[BlackElo "2416"]
[PlyCount "81"]
[EventDate "2002.08.03"]

1. e4 c5 2. Nf3 e6 3. d4 cxd4 4. Nxd4 a6 5. Bd3 Nf6 6. O-O d6 7. c4 Be7 8. Nc3
O-O 9. Be3 Nbd7 10. f4 g6 11. Kh1 Re8 12. Nf3 Bf8 13. e5 Ng4 14. Bd4 f5 15.
exf6 Ngxf6 16. Qc2 Bg7 17. Rae1 Nf8 18. c5 dxc5 19. Bxc5 b6 20. Be4 Nxe4 21.
Qxe4 Ra7 22. Rd1 Rd7 23. Bxf8 Bxc3 24. Rxd7 Qxd7 25. bxc3 Rxf8 26. Ne5 Qd5 27.
Qe2 Bb7 28. c4 Qd4 29. Ng4 Qe4 30. Qxe4 Bxe4 31. Ne5 Rd8 32. Kg1 b5 33. Re1 Bb7
34. c5 Bd5 35. a3 Kf8 36. g4 Ke7 37. Kf2 Rc8 38. Rc1 a5 39. Ke3 b4 40. axb4
axb4 41. Nd3 1/2-1/2

[Event "VI Open A"]
[Site "Genova ITA"]
[Date "2002.08.05"]
[Round "4"]
[White "Jowett, Peter E."]
[Black "Di Paolo, Raffaele"]
[Result "0-1"]
[WhiteElo "2204"]
[BlackElo "2319"]
[PlyCount "162"]
[EventDate "2002.08.03"]

1. e4 e6 2. d4 d5 3. e5 c5 4. c3 Qb6 5. Nf3 Nc6 6. a3 c4 7. Nbd2 Na5 8. g3 Bd7
9. Bh3 h6 10. O-O Ne7 11. Ne1 Nb3 12. Nxb3 Ba4 13. f4 Bxb3 14. Qe2 g6 15. Be3
O-O-O 16. Nf3 Nc6 17. g4 h5 18. gxh5 Rxh5 19. Ng5 Qc7 20. f5 Qe7 21. f6 Qe8 22.
Bg4 Rh8 23. Rf3 Bh6 24. Raf1 Qd7 25. Nh3 Rdg8 26. Bxh6 Rxh6 27. Ng5 Nd8 28. Rg3
Rgh8 29. Rff3 Kb8 30. Rh3 Rxh3 31. Rxh3 Rxh3 32. Bxh3 Qe8 33. Qf2 Qh8 34. Bxe6
Qh5 35. h4 Nxe6 36. Nxe6 Qg4+ 37. Kh2 Qxe6 38. Qg3 Bd1 39. Qg5 Kc7 40. Qh6 Be2
41. Qf8 Bf1 42. Kg1 Bh3 43. Kh2 Bf1 44. Kg1 Bd3 45. Kh2 Kd7 46. Qb8 Qc6 47. Qf8
Ke6 48. Qe7+ Kf5 49. Qxf7 Kg4 50. Qe7 Qa4 51. Qe6+ Bf5 52. Qxd5 Qc2+ 53. Qg2+
Qxg2+ 54. Kxg2 Be6 55. Kf2 Kf4 56. Ke2 b5 57. Kf2 a5 58. Ke2 Ke4 59. Kf2 Kf4
60. Ke2 Bf7 61. Kf2 Bd5 62. Ke2 Ke4 63. Kf2 b4 64. axb4 axb4 65. Ke2 b3 66. Kf2
Kd3 67. Kg3 Kc2 68. Kf4 Kxb2 69. e6 Bxe6 70. Ke5 Bf7 71. d5 Kxc3 72. d6 b2 73.
d7 b1=Q 74. d8=Q Qf5+ 75. Kd6 Qd5+ 76. Ke7 Qxd8+ 77. Kxd8 Kd4 78. Ke7 Bd5 79.
f7 Bxf7 80. Kxf7 c3 81. Kxg6 c2 0-1

[Event "VI Open A"]
[Site "Genova ITA"]
[Date "2002.08.05"]
[Round "4"]
[White "Plachkinova Georgieva, Tatjana"]
[Black "Bertino, Andrea"]
[Result "1-0"]
[WhiteElo "2149"]
[BlackElo "1915"]
[PlyCount "87"]
[EventDate "2002.08.03"]

1. d4 Nf6 2. c4 e6 3. Nf3 c5 4. d5 b5 5. dxe6 fxe6 6. cxb5 d5 7. Bg5 Bd6 8. e4
dxe4 9. Nfd2 Be5 10. Nc3 Bb7 11. Bc4 Qb6 12. O-O O-O 13. Qe2 Bxc3 14. bxc3 Nbd7
15. a4 Bd5 16. Rfd1 Qb7 17. Be3 Rac8 18. Bb3 Bxb3 19. Nxb3 Nd5 20. Rac1 Qc7 21.
c4 Nxe3 22. Qxe3 Nf6 23. h3 Rf7 24. Rd2 Qe5 25. Rcd1 Nh5 26. Rd8+ Rf8 27. R8d7
Nf4 28. Nd2 Qg5 29. g4 Qh4 30. Nxe4 Nxh3+ 31. Kf1 Qxg4 32. Ke1 Nf4 33. Kd2 Nh3
34. Kc1 Nf4 35. R1d2 Qf5 36. Nd6 Qf6 37. Kb1 Qg6+ 38. Ka2 Rb8 39. Qxc5 e5 40.
Qe3 Ng2 41. Qxe5 Nf4 42. Nf5 Rxf5 43. Qxb8+ Rf8 44. Rd8 1-0

[Event "VI Open A"]
[Site "Genova ITA"]
[Date "2002.08.05"]
[Round "4"]
[White "Popchev, Milko"]
[Black "De Santis, Alessio"]
[Result "1-0"]
[WhiteElo "2419"]
[BlackElo "2243"]
[PlyCount "77"]
[EventDate "2002.08.03"]

1. g3 f5 2. d4 Nf6 3. Bg2 g6 4. Nd2 Bg7 5. e4 fxe4 6. Nxe4 Nxe4 7. Bxe4 d5 8.
Bg2 Nc6 9. c3 O-O 10. f4 Rb8 11. Nf3 Bg4 12. h3 Bxf3 13. Qxf3 e6 14. O-O Qd6
15. Re1 b5 16. Qg4 Rfe8 17. Be3 b4 18. Bf2 bxc3 19. bxc3 Na5 20. Re2 Nc4 21.
Rae1 Kf7 22. h4 Rb2 23. h5 Rxe2 24. Qxe2 Nb6 25. Bh3 Nd7 26. f5 gxf5 27. h6 Bh8
28. Bxf5 Nf6 29. Bh3 Kg6 30. Bxe6 Kxh6 31. Be3+ Kg6 32. Bf4 Qd8 33. Qe5 h6 34.
Kg2 Rxe6 35. Qxe6 Qb8 36. g4 Qb2+ 37. Re2 Qxc3 38. Qf5+ Kf7 39. Rc2 1-0

[Event "VI Open A"]
[Site "Genova ITA"]
[Date "2002.08.05"]
[Round "4"]
[White "Sbarra, Marco"]
[Black "Guido, Flavio"]
[Result "0-1"]
[WhiteElo "2237"]
[BlackElo "2327"]
[PlyCount "64"]
[EventDate "2002.08.03"]

1. e4 c5 2. Nf3 e6 3. b3 Nf6 4. e5 Nd5 5. Bb2 Be7 6. c4 Nb4 7. Nc3 f6 8. a3
N4c6 9. Ne4 fxe5 10. Nxe5 O-O 11. Qg4 Nxe5 12. Bxe5 Rf7 13. Nd6 Bxd6 14. Bxd6
Qf6 15. O-O-O Nc6 16. d4 Nxd4 17. f4 Nxb3+ 18. Kc2 Nd4+ 19. Kc1 b6 20. Bd3 Bb7
21. Rhe1 Nf5 22. Be5 Qh6 23. Bxf5 exf5 24. Qg3 Qc6 25. Qc3 Qa4 26. Re2 a6 27.
Rd3 b5 28. Rg3 Qxc4 29. Bxg7 Qxc3+ 30. Bxc3+ Kf8 31. Be5 Ke7 32. Rd2 d5 0-1

[Event "VI Open A"]
[Site "Genova ITA"]
[Date "2002.08.05"]
[Round "4"]
[White "Todorov, Ognjan"]
[Black "Gentile, Claudio"]
[Result "1-0"]
[WhiteElo "2376"]
[BlackElo "2114"]
[PlyCount "43"]
[EventDate "2002.08.03"]

1. d4 e6 2. g3 d5 3. Nf3 Nc6 4. Bg2 Nf6 5. O-O Ne4 6. c4 dxc4 7. Qa4 Qd5 8. Ng5
f5 9. Nxe4 fxe4 10. Nc3 Qxd4 11. Be3 Qf6 12. Bxe4 Bd7 13. Qxc4 O-O-O 14. Nb5 a6
15. Bxc6 axb5 16. Bxd7+ Rxd7 17. Qxb5 Rd5 18. Qe8+ Rd8 19. Qa4 b6 20. Rac1 Bd6
21. Bxb6 Qxb2 22. Qc6 1-0